000 00586nam a2200193Ia 4500
003 LDD
008 190117s9999 xx 000 0 und d
020 _a8171784984
_c₹110
040 _cLDD
041 _ahi
082 _a8P1.7 पा692स
100 _aपाश
245 0 _aसमय ओ भाई समय
_cपाश
260 _aनई दिल्ली
_bराजकमल
_c1995
300 _a141p.
901 _aRKPPL
904 _aReqst by : रीतारानी पालीवाल
942 _2ddc
_cH
999 _c163523
_d163523